000
00207nam a22000857a 4500
008
160629b xxu||||| |||| 00| 0 eng d
100
_9
1344
_a
Prasad, D.R
245
_a
Adult Education
260
_a
N.D
_b
Ashish
_c
1991
999
_c
1104
_d
1104